Least White Developed Countries - Statistics

General Stats
  • This quiz has been taken 161 times
  • The average score is 11 of 14
Answer Stats
Percent Answer % Correct
<1 Japan
91%
3 Singapore
88%
<1 South Korea
88%
73 Canada
86%
71 United States
86%
<1 Taiwan
85%
87 United Kingdom
80%
73 Australia
77%
70 New Zealand
76%
85 France
75%
30 Israel
68%
1 Hong Kong
62%
86 Sweden
57%
80 Cyprus
34%
No matching quizzes found
Score Distribution
Percent of People with Each Score
Percentile by Number Answered
Your Score History
You have not taken this quiz